| 000 | 00638nam a2200205 i 4500 | ||
|---|---|---|---|
| 001 | bg | ||
| 100 | 1 | _aOTTO, Ulrich | |
| 245 | 0 |
_aSeilkonstruktionen - Verfahrer zur Näherungsberechung von Kräften und Verformungen in Seilen und vorgespannten Seilnetzen / _cUlrich Otto. |
|
| 260 |
_aDusseldorf : _bWerner, _c1974. |
||
| 490 | 1 |
_aWeitgespannte Flächentragwerke ; _v13 |
|
| 650 | 9 | _aKonstrukcje budowlane | |
| 830 | _aWeitgespannte Flächentragwerke ; | ||
| 020 | _a3804128149 | ||
| 040 | _cBPK | ||
| 041 | _apol | ||
| 080 | _a624.01/.07 | ||
| 920 | _a3-8041-2814-9 | ||
| 942 | _cKS | ||
| 008 | s pl f |000 0 pol | ||
| 999 |
_c18274 _d18274 |
||
| 856 |
_uhttp://koha.tu.koszalin.pl/cgi-bin/koha/opac-detail.pl?biblionumber=18274 _yKatalog online BPK |
||